000
00284nam a2200121Ia 4500
008
230312s9999||||xx |||||||||||||| ||und||
082
_a
362.1980
_b
GOR-C
100
_a
Goraya;nadeem,shahzad
245
0
_a
Comprehensive MCQs OBS&Gynae
300
_a
221
650
_a
Medical
942
_c
BK
999
_c
1018
_d
1018